Stades de rugby français - Statistiques

Statistiques générales
  • Ce quiz a été pris 263 fois
    116 depuis la dernière actualisation
  • Le résultat moyen est 14 sur 31
Statistiques - réponses
Club Stade % Correct
Top 14 Aviron Bayonnais Jean Dauger
88%
Top 14 Stade Français Jean Bouin
82%
Top 14 ASM Clermont Marcel Michelin
82%
Top 14 Stade Toulousain Ernest Wallon
81%
Top 14 RC Toulon Mayol
80%
Équipe de France XV de France Stade de France
79%
Top 14 Stade Rochelais Marcel Deflandre
76%
Top 14 Union Bordeaux Bègles Chaban-Delmas
71%
Top 14 LOU Rugby Matmut Stadium Gerland
69%
Top 14 Castres Olympique Pierre Fabre
69%
Top 14 USA Perpignan Aimé Giral
62%
Pro D2 FC Grenoble Stade des Alpes
62%
Top 14 Racing 92 Paris la Défense Arena
61%
Top 14 RC Vannes La Rabine
60%
Top 14 Montpellier HR GGL Stadium
50%
Pro D2 US Montauban Sapiac
45%
Top 14 Section Paloise Le Hameau
42%
Pro D2 Biarritz Olympique Parc des Sports d'Aguilera
36%
Pro D2 CA Brive Amédée-Domenech
30%
Pro D2 SU Agen Armandie
20%
Pro D2 AS Béziers Raoul Barrière
20%
Pro D2 Oyonnax Rugby Charles Mathon
13%
Pro D2 USON Nevers Pré Fleuri
12%
Pro D2 US Carcassonne Albert-Domec
10%
Pro D2 Stade Montois André et Guy Boniface
10%
Pro D2 Soyaux Angoulême XV Chanzy
10%
Pro D2 Stade Aurillacois Jean Alric
10%
Pro D2 Valence Romans Georges Pompidou
8%
Pro D2 US Dax Maurice Boyau
8%
Pro D2 Provence Rugby Maurice David
8%
Pro D2 Colomiers Rugby Michel Bendichou
7%
Aucun quiz correspondant
Distribution des résultats
% des personnes avec chaque résultat
Percentile par nombre de réponses
Votre historique - résultats
Vous n’avez pas pris ce quiz depuis la dernière actualisation